Statistics for Top 15 Countries with Covid-19 Deaths - 11 December

Click here to take the quiz!

General Stats

  • This quiz has been taken 15 times
  • The average score is 13 of 21

Answer Stats

country% Correct
United States
100%
Brazil
87%
France
87%
Italy
87%
Spain
87%
United Kingdom
87%
Mexico
80%
India
73%
Belgium
67%
Iran
67%
Peru
67%
Russia
67%
Argentina
60%
Colombia
60%
Poland
60%
Czechia
40%
South Africa
33%
Armenia
20%
Bosnia and
Herzegovina
20%
Slovenia
13%
North Macedonia
7%

Score Distribution

Percentile by Number Answered

Percent of People with Each Score

Your Score History

You have not taken this quiz